000 00815nam a22001937a 4500
999 _c18425
_d18425
003 AR-CdUCM
008 190514b ||||| |||| 00| 0 spa d
040 _aMUNICIPALIDAD PROVINCIAL DEL CUSCO
_cBIBLIOTECA MUNICIPAL DEL CUSCO
082 _a344 /
_bB35
100 _aBelbey, José.
_939003
245 _aLa sociedad y el delito :
_bDelincuencia colectiva, de las mujeres, de los débiles mentales y otros ensayos /
260 _aBuenos Aires :
_bClaridad,
_c1947.
300 _a164 páginas ;
_c21 cm.
440 _aBiblioteca hombres e ideas.
_939004
505 _aContenido : La sociedad y el delito -- Delincuencia colectiva -- La delincuencia de los débiles mentales -- Delincuencia femenina -- La pareja delincuente ...
650 _aDelincuencia.
_98785
942 _2ddc
_cLIBROS
945 _arum
_d2019-05-14